[Event "Hoogovens"]
[Site "Wijk aan Zee 61"]
[Date "1999.??.??"]
[Round "4"]
[White "Kasparov, Garry"]
[Black "Topalov, Veselin"]
[Result "1-0"]
[WhiteElo "2810"]
[BlackElo "2700"]
[EventDate "1999.??.??"]
[Annotator "JvR"]
[PlyCount "87"]

1. e4 d6 2. d4 Nf6 3. Nc3 g6 4. Be3 Bg7 5. Qd2 c6 6. f3 b5 7. Nge2 Nbd7 8.
 Bh6 Bxh6 9. Qxh6 Bb7 10. a3! {In the game quoted White managed to reveal 
drawbacks of the black queenside castling. } ( {Gary diverts from} 10. Nc1
{(Moroz-Yarasov, Simferopol 1991).} ) 10. ... e5 11. O-O-O Qe7 12. Kb1! a6
( 12. ... a5?! 13. Nc1 b4 14. dxe5! dxe5 15. Na4 bxa3 16. b3 +/- ) 13. Nc1
! O-O-O 14. Nb3 {Approaching to a5, the most vulnerable point in the black
king shelter. } 14. ... exd4!? {Topalov counters.} 15. Rxd4 c5 16. Rd1 Nb6
17. g3 Kb8 18. Na5 Ba8 19. Bh3 d5! 20. Qf4+ Ka7 21. Rhe1 d4 ( {The greedy}
21. ... dxe4? 22. fxe4 Nxe4 {is refuted by} 23. Nxe4 Rxd1+ 24. Rxd1 Bxe4 
25. Re1 Re8 26. Rxe4 Qxe4 27. Qc7+ Ka8 28. Nc6 ) 22. Nd5! ( 22. Na2 Rhe8 )
22. ... Nbxd5 23. exd5 Qd6 24. Rxd4!! {The most impressive combination in 
the history of chess commences.} 24. ... cxd4? ( {Black gains a plus in} 
24. ... Kb6! 25. Nb3! Bxd5! ( 25. ... cxd4 26. Qxd4+ Kc7 27. Qa7+ Bb7 28. 
Nc5 Rb8 29. Re7+! +- ) 26. Qxd6+ Rxd6 27. Rd2 Rhd8 {(Kasparov).} 28. Red1 
= ) 25. Re7+! ( 25. Qxd4+? Qb6 ) 25. ... Kb6 ( {The pointe is} 25. ... 
Qxe7? 26. Qxd4+ Kb8 27. Qb6+ Bb7 28. Nc6+ Ka8 29. Qa7# ) ( 25. ... Kb8 26.
 Qxd4! Nd7 27. Bxd7 Bxd5 28. c4! Qxe7 29. Qb6+ Ka8 30. Qxa6+ Kb8 31. Qb6+ 
Ka8 32. Bc6+ Bxc6 33. Nxc6 +- ) 26. Qxd4+ Kxa5 ( {Kasparov analyses} 
26. ... Qc5 27. Qxf6+ Qd6 28. Be6!! Bxd5 29. b4 ) 27. b4+ Ka4 28. Qc3!? ( 
{Kavalek gives the win} 28. Ra7! Bb7 ( 28. ... Nxd5 29. Rxa6+! Qxa6 30. 
Qb2 Nc3+ 31. Qxc3 Bd5 32. Kb2 Qe6 33. Bxe6 fxe6 34. Qb3+! Bxb3 35. cxb3# )
( 28. ... Bxd5 29. Qc3! ) 29. Rxb7 Qxd5 ( 29. ... Nxd5 30. Bd7!! ) ( 
29. ... Rhe8 30. Bf1!! ) 30. Rb6! a5 31. Ra6 Ra8 32. Qe3!! Rxa6 33. Kb2 
axb4 34. axb4 Kxb4 35. Qc3+ Ka4 36. Qa3# ) 28. ... Qxd5 29. Ra7 Bb7 30. 
Rxb7! Qc4 ( {A heroic fight offers} 30. ... Rhe8 31. Rb6 Ra8 32. Bf1!! {
(Ligterink)} 32. ... Re1+! 33. Qxe1 Nd7 34. Rb7! Ne5 ( 34. ... Qxb7 35. 
Qd1! ) 35. Qc3 Qxf3 36. Bd3 Qd5 37. Be4! Qxe4 38. Ka2 ) ( 30. ... Rd6 31. 
Rb6!! Rxb6 32. Kb2 +- ) 31. Qxf6 Kxa3 ( {After} 31. ... Rd1+! 32. Kb2 Ra8 
33. Qb6 Qd4+ 34. Qxd4 Rxd4 35. Rxf7 a5 36. Be6! axb4 37. Bb3+ Ka5 38. 
axb4+ Rxb4 39. c3 +- {(Kasparov).} ) 32. Qxa6+ Kxb4 33. c3+! Kxc3 34. Qa1+
Kd2 35. Qb2+ Kd1 {The king seems to have found a safe haven on d1! But 
White gives the final blow with two powerful moves.} ( 35. ... Ke3 36. 
Re7+ Kxf3 37. Qg2# ) 36. Bf1! Rd2 37. Rd7! Rxd7 38. Bxc4 bxc4 39. Qxh8 Rd3
40. Qa8 c3 41. Qa4+ Ke1 42. f4 f5 43. Kc1 Rd2 44. Qa7 1-0

[Event "WchT 2nd"]
[Site "Lucerne SUI"]
[Date "1989.??.??"]
[Round "?"]
[White "Ivanovic, Bozidar"]
[Black "Gurevich, Mikhail"]
[Result "0-1"]
[WhiteElo "2545"]
[BlackElo "2640"]
[EventDate "1989.10.??"]

1. e4 d6 2. d4 Nf6 3. Nc3 g6 4. f4 Bg7 5. e5 Nfd7 {This line is more 
promising for Black; he keeps the queens on the board, intending to hit 
the opponent's center with the c-pawn. } 6. Nf3 c5! 7. exd6 ( 7. e6!? ) ( 
7. e6 fxe6 8. Ng5 Nf6 9. dxc5 Nc6 10. Bc4 d5 11. Bb5 d4 12. Bxc6+ bxc6 13.
 Ne2 Qa5+ 14. Qd2 Qxc5 15. Nxd4 Qd5 {1-0(40) Vasiukov, Evgeni (2560) - 
Tseshkovsky, Vitaly (2545) / URS-ch42 (1), Leningrad RUS 1974} ) ( 7. dxc5
dxe5 8. fxe5 Nxe5 9. Qxd8+ Kxd8 10. Nxe5 Bxe5 11. Ne4 f6 12. c3 Be6 13. 
Be3 Nc6 14. Nd2 Kc7 15. Nf3 Rad8 {1/2-1/2(41) Velimirovic, Dragoljub 
(2525) - Adorjan, Andras (2510) / Skopje (3), Skopje MKD 1976} ) 7. ... 
O-O! {Black is trying to use his development lead} 8. dxc5 ( 8. dxe7 Qxe7+
9. Be2 cxd4 10. Nxd4 Re8 ) ( 8. Be3! ) ( 8. Be3 exd6 9. Qd2 Nc6 10. O-O-O 
Qa5 11. f5 Nf6 12. fxg6 hxg6 13. Bh6 Bg4 14. Bxg7 Kxg7 15. dxc5 Bxf3 16. 
gxf3 dxc5 17. Qg5 Rad8 18. Bd3 c4 19. Qxa5 Nxa5 20. Be2 Rxd1+ {1/2-1/2(54)
Dvoirys, Semen I (2525) - Kantsler, Boris (2430) / URS-ch58 (10), Moscow 
RUS 1991} ) 8. ... Qa5 9. Be2 Bxc3+ 10. bxc3 Qxc3+ 11. Bd2 Qxc5 12. dxe7 
Re8! {the drawbacks of f2-f4 have been revealed: White cannot evacuate his
king from the center. } ( 12. ... Qxe7 13. O-O +/- ) 13. Rb1 Nc6 14. Rb3 
Rxe7 15. Rc3 Qb6 16. Rb3 Qc7!? ( 16. ... Qc5 17. Rc3 = ) 17. O-O Nc5 18. 
Ra3 Bg4 19. h3 Bxf3 20. Bxf3 Rd8 21. Qc1 Nd4 =+ 22. f5 Ne2+! 23. Bxe2 Rxe2
24. Bh6 Ne4! 25. Qb2 f6 26. Qb3+ Kh8 27. Qb5 Qxc2 28. Kh1 Rxg2 29. Bf4 Rf2
30. Rf3 Rxf3 31. Rxf3 Rd1+ 32. Rf1 Nf2+ 33. Kg2 Qe4+ 34. Kg3 Rd3+ 0-1

[Event "URS-ch39"]
[Site "Leningrad RUS"]
[Date "1971.09.24"]
[Round "7"]
[White "Shamkovich, Leonid"]
[Black "Tukmakov, Vladimir B"]
[Result "1/2-1/2"]
[WhiteElo "2520"]
[BlackElo "2565"]
[EventDate "1971.09.15"]

1. e4 d6 2. d4 Nf6 3. Nc3 g6 4. f4 Bg7 5. Nf3 O-O 6. e5 dxe5 7. dxe5 Qxd1+
8. Kxd1 Ng4! {To use his temporary development lead, Black has to play 
very vigorously, otherwise White's advantage in space may become a 
decisive factor. } 9. Ke1 Nc6! {While the white king is on e1, the black 
knight rushes to b4 to attack the c2-pawn. } ( 9. ... h5?! 10. Nd5! Nc6 
11. Bb5! Bd7 12. h3 Nh6 13. Kf2 Rfd8 14. Bxc6 bxc6 15. Nxc7 Rac8 16. Na6 
Bf5 17. c3 Rd5 18. Be3 e6 +/- 19. c4 Ra5 20. Nc5 Bf8 21. Nb7 Ra6 22. Nd6 
Rb8 23. b3 f6 24. Rhd1 fxe5 25. fxe5 Bg7 {1-0(36) Velimirovic, Dragoljub 
(2540) - Tringov, Georgi P (2546) / Capablanca Memorial (6), Havana CUB 
1971} ) 10. Bc4 Nb4 11. Bb3 Be6! 12. Bxe6 fxe6 13. Ke2 Nxc2 14. Rb1 {
Black's headache is his g7-bishop cramped by the white pawns; he solves 
this problem by an exchange sacrifice. } 14. ... Rad8 15. Ne4 Nd4+ 16. 
Nxd4 Rxd4 17. Ng5 Rdxf4! 18. Bxf4 Rxf4 19. Rhf1 Rb4 20. h3 Nxe5 21. a3 Rb6
22. Rfc1 Nc6 23. b4 Nd4+ 24. Kf1 Nb5 25. Rb3 Rd6 26. Ne4 Rd5 27. g4 c6 28.
 a4 Nd6 29. Nc5 e5 30. Ke2 e4 31. h4 h5 32. Rg1 Bd4 33. Rgg3 Kf7 34. gxh5 
Rxh5 35. Rg5 Rxh4 36. Rbg3 Nf5 37. Rg2 b6 38. Nb3 Bc3 39. Rxg6 Bxb4 40. 
Rxc6 Rh3 41. Rf2 Re3+ 42. Kf1 Rxb3 43. Rxf5+ Ke8 44. Rc7 Rb1+ 45. Kf2 Bc5+
46. Rfxc5 bxc5 47. Rxa7 Kf7 48. Rc7 Rc1 49. Rc6 Ke8 50. a5 Kd7 51. Rb6 Kc7
52. Re6 Kd7 53. Rb6 Ra1 54. a6 Kc7 55. Re6 Kd7 56. Rb6 Ra3 57. Ke2 Kc7 58.
 Re6 Kd7 59. Rb6 Rd3 60. Rb8 Ra3 61. Rb6 c4 62. Rb4 c3 63. Rd4+ Kc6 64. 
Rxe4 Kd6 65. Kd3 e5 66. Rc4 Kd5 67. Rxc3 Rxa6 68. Rb3 1/2-1/2

[Event "Haifa ol (Men)"]
[Site "Haifa ISR"]
[Date "1976.10.31"]
[Round "6"]
[White "Martin Gonzalez, Angel"]
[Black "Dzindzichashvili, Roman"]
[Result "0-1"]
[WhiteElo "2335"]
[BlackElo "2525"]
[EventDate "1976.10.25"]

1. e4 d6 2. d4 Nf6 3. Nc3 g6 4. f4 Bg7 5. Nf3 O-O 6. e5 dxe5 7. dxe5 Qxd1+
8. Kxd1 Nh5!? {This paradoxical knight jump to the edge leaves the 
g4-square vacated for the bishop and allows Black to keep pressure on the 
white pawn chain.} 9. Bc4 ( 9. Ke1 Nc6 10. Bb5 f6! ) 9. ... Bg4 10. Ke2 ( 
10. Ne2 Bxf3 11. gxf3 Nc6 12. c3 Rad8+ 13. Kc2 Bh6 14. b4 e6 = {Ljubojevic
- Timman, Bugojno 1980} ) 10. ... Nc6 11. Be3 g5! {Hitting the opponent's 
pawn chain. } 12. fxg5 Bxe5 13. Kf2 Bxf3 14. gxf3 Rad8 15. Rad1 Nf4 16. 
Rxd8 Rxd8 17. Rd1 Rxd1 18. Nxd1 Kg7 =+ {xg5} 19. Nc3 Nh3+ 20. Kg2 Nf4+ 21.
 Kf2 e6 22. Bxf4 Bxf4 23. h4 Ne5 24. Bf1 Ng6 25. Ne2 e5 26. h5 Nf8 27. 
Nxf4 exf4 28. Kg2 f6 29. h6+ Kg6 30. gxf6 Kxf6 31. Kh3 Kg5 32. Bd3 b6 33. 
Be4 a5 34. c3 c5 35. a3 Nd7 36. Bxh7 Kxh6 37. Bf5 Ne5 -/+ {xBf5} 38. b4 
Kg5 39. Be4 Nc4 40. bxa5 bxa5 41. a4 Ne3 42. Bc6 Nd1 43. c4 Nf2+ 44. Kg2 
Nd3 45. Kh3 Kf6 46. Bb5 Kf5 47. Kh4 Ne5 0-1

[Event "Munich ol (Men) qual-A"]
[Site "Munich GER"]
[Date "1958.??.??"]
[Round "4"]
[White "Bronstein, David I"]
[Black "Palmiotto, Fiorentino"]
[Result "1-0"]
[WhiteElo "2671"]
[BlackElo "2191"]
[EventDate "1958.09.30"]

1. e4 d6 2. d4 Nf6 3. Nc3 g6 4. f4 Bg7 5. Nf3 O-O 6. e5 Nfd7 {Black 
intends to destroy the opponent's pawn center by c7-c5, but, unlike in the
line with 5.e5 ¤fd7, he has already castled, and this allows White to 
launch a dangerous attack on the kingside. 
} 7. h4! c5! 8. h5! cxd4 9. Qxd4 dxe5 10. Qf2! {Transferring his queen to 
h4, White strives to get to the enemy king along the h-file, despite 
material losses. } 10. ... exf4?! 11. hxg6 hxg6 12. Bxf4 Nf6 13. Qh4 Qa5 
14. Ng5 ( 14. Bb5 Qb4 15. a3 Qxb2 16. Be5 Rd8 17. Nd5 Qxe5+ 18. Nxe5 Rxd5 
19. Nxg6 Rxb5 20. O-O-O Bd7 21. Nxe7+ Kf8 22. Nd5 Nxd5 23. Qd8+ Be8 24. 
Rxd5 Bb2+ 25. Kd2 Nd7 {1-0(28) Vaisser, Anatoly (2549) - Palac, Mladen 
(2570) / Cannes masters k.o. (3.2), Cannes FRA 2000} ) 14. ... Bg4 15. Bd3
Nbd7 16. O-O Bh5 17. Rae1 e5 18. Bd2 Qc5+ 19. Be3 Qc6 20. Bb5 Qc7 21. Be2!
Bxe2 22. Rxe2 Rfc8 23. Nce4 Kf8 24. Nxf6 Nxf6 25. Rxf6! Bxf6 26. Nh7+ Ke7 
27. Qxf6+ Ke8 28. Rd2 a5 29. Qg7 1-0

[Event "Moscow Spartakiad"]
[Site "Moscow RUS"]
[Date "1965.??.??"]
[Round "?"]
[White "Gipslis, Aivars"]
[Black "Botvinnik, Mikhail URS"]
[Result "0-1"]
[WhiteElo "2581"]
[BlackElo "2699"]
[EventDate "1965.??.??"]

1. e4 d6 2. d4 Nf6 3. Nc3 g6 4. f4 Bg7 5. Nf3 O-O 6. e5 Nfd7 7. h4 Nb6!? {
Black prevents the white bishop's development to c4 and intends to 
recapture on g6 with the f-pawn. } 8. h5 Bg4 9. hxg6 fxg6 10. Be2 dxe5 11.
 Ng5 ( 11. fxe5!? Nc6 12. Be3 ) 11. ... Bf5! {The light-squared bishop 
should be preserved to defend the kingside. } ( 11. ... Bxe2 12. Qxe2 Nc6 
13. dxe5 Nd4 14. Qd3 ) 12. fxe5 ( 12. g4 exd4 13. Na4 Be6! 14. Nxe6 Qd5 ) 
12. ... h5! {Fortifying the bishop on f5 and at the same time putting a 
barrier on the h-file. } 13. g4! hxg4 14. Bxg4?! ( 14. Be3! {Qd2, 0-0-0} )
14. ... Nc6 15. Ne6 Qd7 16. Bxf5 ( 16. Nxf8 Rxf8 17. Bxf5 Qxf5 ) 16. ... 
Rxf5 17. Nxg7 Kxg7 18. Be3 Nc4! 19. Qe2 Nxb2 D ( 19. ... Nxe3!? 20. Qxe3 
Qxd4 21. Qh6+ Kf7 22. Qh7+ Ke6 23. Qxg6+ {Botvinnik} ) 20. d5?! ( 20. Qb5 
+/- Nxe5! ( 20. ... Rf3 21. Bh6+ Kg8 22. Ne2 ) 21. Qxb2! ( 21. dxe5? Qxb5 
22. Nxb5 Rxe5 ) 21. ... Nc4 ( 21. ... Nf3+ 22. Kd1 Rh8 23. Rxh8 Kxh8 24. 
Kc1 Qe6 25. Nd1 ) 22. Qxb7 Nxe3 23. Qxa8 Nxc2+ 24. Kd2 Qxd4+ 25. Kxc2 Rf2+
26. Kb3 Qb6+ 27. Kc4 Qa6+ = ) 20. ... Rxe5 21. Bd4 ( 21. dxc6 Qxc6 22. Bd4
Qxh1+ 23. Kd2 Qh6+ -+ ) 21. ... Nc4! 22. Bxe5+ N6xe5 23. Rh4 Rh8! 24. Rxh8
Kxh8 -/+ 25. Qh2+ Kg7 26. Qf4 ( 26. Qg3 Qf5 27. O-O-O Qf6 28. Rh1 b5 29. 
Qh3 Nf7 -/+ ) 26. ... Qh3 27. Nd1 Qg2 28. Qd4 Kg8 29. Qf2 Qh1+ 30. Ke2 
Qe4+ 31. Kf1 Qh1+ 32. Ke2 Qxd5 33. Nc3 Qd2+ 0-1

[Event "Tel Aviv ol (Men) fin-A"]
[Site "Tel Aviv ISR"]
[Date "1964.??.??"]
[Round "2"]
[White "Yanofsky, Daniel Abraham"]
[Black "Botvinnik, Mikhail URS"]
[Result "0-1"]
[WhiteElo "2502"]
[BlackElo "2701"]
[EventDate "1964.11.02"]

1. e4 d6 2. d4 Nf6 3. Nc3 g6 4. f4 Bg7 5. Nf3 O-O 6. Bd3 Nc6 {If Black 
intends to keep piece pressure on the d4-square, this is the most precise 
move order. } 7. d5?! {This only helps Black, giving him an opportunity to
undermine the white center with c7-c6. } ( 7. Be3 {With the bishop 
standing on c8 White is deprived of the plan with the f4-f5 advance, 
therefore Black equalizes easily by playing } 7. ... e5! 8. fxe5 dxe5 9. 
d5 Ne7 10. Qd2 c6! 11. dxc6 Nxc6 = ) 7. ... Nb4 8. O-O ( 8. Be2 a5! ) 
8. ... c6! 9. a3 ( 9. dxc6 bxc6 = ) 9. ... Nxd3 10. Qxd3 cxd5 11. Nxd5 ( 
11. exd5 Bf5 ) 11. ... Nxd5 12. Qxd5 Qb6+ 13. Kh1 Bd7 =+ ( 13. ... Bxb2? 
14. Rb1 +- ) 14. Re1 Rac8 15. c3 a5! 16. Qd3 Bb5 17. Qc2 a4 18. Be3 Qa6 
19. Bd4 Bh6! 20. Qf2 ( 20. Ng5 e5! 21. Be3 Bxg5 22. fxg5 Bd3 -/+ ) ( 20. 
f5! =+ ) 20. ... Bxf4 21. e5! ( 21. Qh4 e5! ) 21. ... f6! 22. exf6 e5 23. 
Qh4 Rf7 24. Be3 Bxe3 25. Rxe3 Rc4 26. Qh6 Rxf6 27. Ng5 Rc7 -/+ 28. Rf3 ( 
28. Rh3 Bc6! 29. Rg1 Qe2 30. Nxh7 Qxg2+ 31. Rxg2 Rf1# ) 28. ... Rxf3 29. 
Nxf3 Bc6 30. Qh3 Rf7 31. Rg1 Bxf3 32. gxf3 Qd3 33. Qg4 Qxf3+ 34. Qxf3 Rxf3
35. Rd1 Rf2 36. Rxd6 Rxb2 37. c4 Rb3 38. Rd5 Rxa3 39. Rd8+ Kf7 40. Rd7+ 
Ke6 41. Rxb7 Ra1+ 0-1

[Event "Haninge"]
[Site "Haninge SWE"]
[Date "1989.??.??"]
[Round "?"]
[White "Hellers, Ferdinand"]
[Black "Ftacnik, Lubomir"]
[Result "1/2-1/2"]
[WhiteElo "2565"]
[BlackElo "2550"]
[EventDate "1989.??.??"]

{
http://ctart.chessok.com/course/chess-opening-semi-open-games-1-e4/pirc-ufimtsev-defence/austrian-attack?page=3
} 
1. d4 d6 2. e4 g6 3. Nc3 Bg7 4. f4 Nf6 5. Nf3 O-O 6. Bd3 Nc6 7. O-O Bg4 8.
 e5! {This active advance is practically forced, because Black was already
prepared to counterattack with e7-e5} 8. ... dxe5 9. dxe5 Nd5 10. h3 ( 10.
 Nxd5 Qxd5 11. h3 Be6 12. Qe2 Rfd8 13. Be4 Nd4 = {Markland - Portisch, 
Hastings 1971} ) 10. ... Nxc3 11. bxc3 Bf5 12. Be3 ( 12. Bxf5 gxf5 13. Be3
e6 = ) 12. ... Qd7 13. Qe2 Rfd8 14. Rad1 Bxd3 15. cxd3 {A clever 
restricting move: Black intends to blockade the white center on the light 
squares.} 15. ... b5! 16. Bc5 e6 ( 16. ... Qd5?! 17. d4 Rab8 18. Rde1 e6 
19. Ng5! Qd7 ( 19. ... b4 20. c4! ) 20. Rd1! a5 21. Qf2 h6 22. Ne4 Qd5 23.
 Qe2 a4 24. a3 Qd7 25. g4! +/- {Balashov - Pfleger, Bad Lauterberg 1983} )
17. Ng5 b4! 18. c4 ( 18. cxb4 Nxb4 19. Bxb4 Qd4+ ) 18. ... Nd4 19. Qf2 a5 
20. Ne4 Rab8 21. Rd2 a4 22. Rb1 Ra8 23. Bd6 Qb5 24. Ra1 Qc6 25. c5 Qb5 26.
 g3 Ra6 27. Kh2 b3 28. Kg2 1/2-1/2

[Event "Reggio Emilia-A 8889 31st"]
[Site "Reggio Emilia ITA"]
[Date "1988.??.??"]
[Round "?"]
[White "Ehlvest, Jaan"]
[Black "Anand, Viswanathan"]
[Result "1-0"]
[WhiteElo "2580"]
[BlackElo "2555"]
[EventDate "1988.12.??"]

1. d4 d6 2. e4 g6 3. Nc3 Bg7 4. f4 Nf6 5. Nf3 O-O 6. Bd3 Nc6 7. e5!? {
White delays castling and uses a saved tempo for activity in the center, 
intending to achieve an opening initiative before Black has played Bc8-g4.
} 7. ... dxe5 8. fxe5 Nd5 9. Nxd5 Qxd5 10. c3 Be6 ( 10. ... Bg4 11. h3 
Bxf3 12. Qxf3 Qxf3 13. gxf3 e6 14. Be4 Rab8 15. h4 h5 16. Bg5 Rfe8 17. 
Bxc6 bxc6 18. b4 a5 19. a3 Rb6 20. Kd2 Ra8 += {1-0(52) Gheorghiu, Florin 
(2569) - Donner, Jan-Hein (2536) / Hoogovens (2), Wijk aan Zee NED 1968} )
11. O-O ( 11. Qe2 Rad8 12. Ng5 Nxd4 13. cxd4 Qxd4 14. Nxe6 fxe6 15. Bc4 
Bxe5 16. g3 Rf2 17. Qxf2 Qd1# {0-1 Suetin, Alexey S (2550) - Zhidkov, 
Valery S (2490) / USSR (1), USSR 1972} ) 11. ... Rad8 {Ne5} 12. Bf4 {White
managed to complete development, and his fortified center gives him better
chances.} 12. ... Qd7 13. Qe1! Bf5 14. Bxf5 Qxf5 15. Qg3! h6 16. Rae1 Qe6 
17. a3 Na5 18. Bg5! Rd7 ( 18. ... hxg5 19. Nxg5 Qd5 20. Qh4 +- ) 19. Qh4 
h5 20. b4 Nc4 21. Bc1! Nb6 22. Ng5 Qc6 23. e6! fxe6 24. Rxf8+ Bxf8 25. Qf2
1-0

[Event "Hoogovens"]
[Site "Beverwijk NED"]
[Date "1967.??.??"]
[Round "2"]
[White "Kuijpers, Frans"]
[Black "Spassky, Boris V"]
[Result "0-1"]
[WhiteElo "2439"]
[BlackElo "2682"]
[EventDate "1967.??.??"]

1. e4 d6 2. d4 Nf6 3. Nc3 g6 4. f4 Bg7 5. Nf3 O-O 6. Bd3 Nc6 7. e5 dxe5 8.
 fxe5 Ng4!? {Instead of the natural knight jump to d5, Black intends to 
attack the opponent's center with Ng4-h6-f5 followed by f7-f6. It is 
important that the c3-knight impedes White to strengthen his center with 
c2-c3. } 9. Ne2 {White prepares c2-c3, but delays his development.} 9. ...
 f6! {A typical thrust. } 10. exf6 exf6 11. h3 Nh6 12. c3 Re8 13. Bf4 Nf5 
14. Qd2 g5 15. Bxf5 Bxf5 16. Bg3 Bg6 17. O-O Ne7! =+ 18. Bf2 Qd7 19. Rfe1 
c6 20. Ng3 Nd5 21. Rxe8+ Rxe8 22. Re1 b5! {this standard move secures an 
excellent position for the mighty d5-knight and fixes the white pawns on 
the dark squares, which will restrict the white bishop. } 23. Rxe8+ Qxe8 
24. Qe1 Qxe1+ 25. Bxe1 Kf7 -/+ 26. Bd2 Ke6 27. Kf2 Bb1 28. a3 h6 29. Ne1 
Bf8 30. Kf3 f5 31. Bc1 Nb6 32. Nh1 Nc4 33. Nf2 Na5 34. Nfd3 Nb3 35. Be3 a5
36. g3 Kd5 37. Ne5 Be4+ 38. Kf2 Bd6 39. Nf7 Bc7 40. Nf3 f4 0-1

[Event "Vinkovci"]
[Site "Vinkovci CRO"]
[Date "1970.10.22"]
[Round "15"]
[White "Gligoric, Svetozar"]
[Black "Quinteros, Miguel A"]
[Result "1-0"]
[WhiteElo "2611"]
[BlackElo "2483"]
[EventDate "1970.10.??"]

1. d4 d6 2. e4 Nf6 3. Nc3 g6 4. f4 Bg7 5. Nf3 O-O 6. Bd3 Nc6 7. e5 dxe5 8.
 fxe5 Ng4 9. Be4! {The idea of this move is a mirror reflection of Black's
Bc8-g4. The bishop has drawn a bead on the c6-knight which exerts pressure
in the center.} 9. ... f6! ( 9. ... f5? {leaves Black without counterplay 
in the center: } 10. Bxc6 bxc6 11. h3 Nh6 12. Bf4 Nf7 13. Qd2 Be6 14. 
O-O-O Bd5 15. Ng5 e6 16. h4 h5 17. Rh3 Qe7 18. Nxf7 Kxf7 19. Na4 Kg8 20. 
Nc5 {Suetin - Donner, Havana 1969} ) 10. h3 Nh6 11. Bd5+ Kh8 12. O-O Nf5?!
( {Black should undermine the opponent's center in another way: } 12. ... 
fxe5! 13. dxe5 Nf7 14. Bf4 Nfxe5 15. Nxe5 Nxe5 16. Qe2 ) 13. Re1 Nfxd4 14.
 Nxd4 Nxd4 15. Qxd4 e6 16. exf6 Bxf6 17. Qc5 exd5 18. Bh6 Rf7 19. Nxd5 b6 
( 19. ... Bg7? 20. Nxc7! +- ) 20. Qe3 Bb7 21. Nxf6 Qxf6 {This example 
confirms a general rule: in a middlegame the opposite color bishops 
intensify attack, and therefore their presence benefits an attacking 
player. } 22. Rf1 Qc6 23. Qg5 Rxf1+ 24. Rxf1 Kg8 25. Rf2 Qd6 26. Rd2 Qc5+ 
27. Qxc5 bxc5 28. Rd7 +/- Rc8 29. c4 Be4 30. Rg7+ Kh8 31. Re7 Bb1 32. a3 
Ba2 33. Bf4 Bxc4 34. Bxc7 a6 35. Be5+ Kg8 36. Rg7+ Kf8 37. Rxh7 Bf7 38. 
Rh8+ Bg8 39. Kf2 Kf7 40. g4 Ke6 41. Bc3 Ke7 42. Kg3 Be6 43. Rh7+ Bf7 44. 
Kf4 Rd8 45. h4 Rd5 46. Rh8 Be8 47. Rg8 c4 48. Bb4+ Kd8 49. Ke4 Rd1 50. Ke5
Rg1 51. Ke6 1-0

[Event "Nederland tt"]
[Site "Nederland tt"]
[Date "1985.??.??"]
[Round "1"]
[White "Timman, Jan H"]
[Black "Nijboer, Friso"]
[Result "1-0"]
[WhiteElo "2650"]
[BlackElo "2270"]
[EventDate "1985.??.??"]
[PlyCount "81"]

1. e4 d6 2. d4 g6 3. f4 Nf6 4. Nc3 Bg7 5. Nf3 O-O 6. Bd3 Nc6 7. e5 dxe5 8.
 fxe5 Nh5 {The g4-square is left for the c8-bishop, but position of the 
knight on h5 is unproductive. } 9. Be3 Bg4 10. Be2 f6 11. exf6 exf6 ( 
11. ... Bxf6 12. Ne4 Bxf3 13. Nxf6+ Nxf6 14. Bxf3 e5 15. dxe5 Nxe5 16. O-O
+/- { Timman - Kuzmin, Bled/Portoroz 1979} ) 12. Qd2 ( 12. O-O f5! 13. Qd2
f4 14. Bf2 Qd7 15. Rfe1 Rae8 { Shirov - P.Nikolic, Monaco 1999} ) 12. ... 
Qe7 ( 12. ... f5!? ) 13. O-O-O! {Castling queenside, White gets a benefit 
from the early e4-e5 advance. } 13. ... Rfe8 14. Rhe1 Kh8 15. Bh6! += {
xNh5} 15. ... Bxh6 16. Qxh6 Qg7 17. Qxg7+ Kxg7 18. h3 Bd7 19. d5! Nb8 20. 
Nd4 Nf4 21. Bf3 Na6 22. Ne6+! +/- Bxe6 23. dxe6 Nc5 24. b4! Ncxe6 25. g3 
Nxh3 26. Bxb7 Rab8 27. Bc6 Kf7 ( 27. ... Re7 28. Nd5 +- ) 28. Bxe8+ Rxe8 
29. Rd7+ Re7 30. Rxe7+ Kxe7 31. Nb5 +- Kd7 32. Nxa7 Nf2 33. Re2 Nh1 34. 
Rd2+ Ke8 35. g4 Ng3 36. a4 h5 37. gxh5 gxh5 38. a5 Ne4 39. Rd1 Nc3 40. Nc6
Nxd1 41. a6 1-0

[Event "Novi Sad"]
[Site "Novi Sad SRB"]
[Date "1974.??.??"]
[Round "1"]
[White "Tal, Mikhail"]
[Black "Ilijc, Milan"]
[Result "1-0"]
[WhiteElo "2635"]
[BlackElo "2375"]
[EventDate "1974.??.??"]
[PlyCount "47"]

{
http://ctart.chessok.com/course/chess-opening-semi-open-games-1-e4/pirc-ufimtsev-defence/austrian-attack?page=4
} 
1. e4 d6 2. d4 Nf6 3. Nc3 g6 4. f4 Bg7 5. Nf3 O-O 6. Bd3 Na6 {The knight 
is developed to a6 with the idea of the c7-c5 thrust. } 7. O-O ( {Here 
White's early activity in the center is unsound: } 7. e5?! Nd7 {followed 
by c7-c5} ) 7. ... c5 8. d5 Nc7?! {From c7 the knight will support both 
b7-b5 and e7-e6, but here this maneuver is slightly premature. } 9. Qe1! {
The queen transferring to h4 increases White's attacking potential on the 
kingside. } 9. ... a6 10. a4! {Restricting Black's counterplay of b7-b5.} 
10. ... b6 11. Qh4 e6 12. dxe6 fxe6 13. e5 {A standard breakthrough in the
center. } 13. ... dxe5 14. fxe5 Nfd5 15. Bg5 Qd7 16. Ne4 +/- Ne8 17. Rad1 
Ra7 18. c4 Nb4 19. Bb1 Qc6 20. Be7! Rf5 21. Nf6+ Bxf6 22. exf6 Rd7 23. 
Bxf5 Rxe7 24. Be4 1-0